000 00312nam a22001457a 4500
008 210531b ||||| |||| 00| 0 eng d
020 _a0155037692
041 _aeng
080 _29th
_a7
082 _a7
100 _a44
101 _aART
245 _aART Through the Ages
_cHorst D. Croix
942 _2udc
_cBK
999 _c57877
_d57877